BIBLIOTECA

SENCICO

Acuarelas de Pancho Fierro y seguidores : (Registro nro. 5068)

Detalles MARC
000 -LEADER
fixed length control field 01629nam a22003017a 4500
003 - CONTROL NUMBER IDENTIFIER
control field PE SENCICO BE
005 - DATE AND TIME OF LATEST TRANSACTION
control field 20251020182710.0
008 - FIXED-LENGTH DATA ELEMENTS--GENERAL INFORMATION
fixed length control field 250121b |||||||| |||| 00| 0 eng d
020 ## - INTERNATIONAL STANDARD BOOK NUMBER
International Standard Book Number 9972-726-06-1
040 ## - CATALOGING SOURCE
Original cataloging agency PE SENCICO BE
Transcribing agency PE SENCICO BE
041 ## - LANGUAGE CODE
Language code of text/sound track or separate title spa
082 ## - DEWEY DECIMAL CLASSIFICATION NUMBER
Classification number 759.985
Item number M9
110 1# - MAIN ENTRY--CORPORATE NAME
9 (RLIN) 2849
Corporate name or jurisdiction name as entry element Lima.
Subordinate unit Municipalidad
-- Pinacoteca Municipal Ignacio Merino
245 1# - TITLE STATEMENT
Title Acuarelas de Pancho Fierro y seguidores :
Remainder of title colección Ricardo Palma /
Statement of responsibility, etc. Municipalidad Metropolitana de Lima ; investigación histórica y estudio introductorio, Francisco Stastry Mosberg ; fotografías, Yutaka Yoshii
250 ## - EDITION STATEMENT
Edition statement 1a ed.
260 ## - PUBLICATION, DISTRIBUTION, ETC.
Place of publication, distribution, etc. Lima :
Name of publisher, distributor, etc. Edlibros ;
Date of publication, distribution, etc. 2007
300 ## - PHYSICAL DESCRIPTION
Extent 394 páginas :
Other physical details ilustraciones a color, fotografías, láminas ;
Dimensions 31 cm.
505 0# - FORMATTED CONTENTS NOTE
Formatted contents note La biografía -- Retratos -- El ambiente artístico y la formación profesional -- Los origenes del costumbrismo de Pancho Fierro -- Viajes científicos y un obispo ilustrado -- Pintores itinerantes -- La vida profesional de un artista negro -- La obra -- Acuarelas de Pancho Fierro y seguidores Colección Ricardo Palma -- Manuscrito de Ricardo Palma. Transcripción de comentarios -- Índices manuscritos de Ricardo Palma -- Primer inventario municipal Colección Ricardo Palma 1955 -- Índice de títulos Colección Ricardo Palma
600 10 - SUBJECT ADDED ENTRY--PERSONAL NAME
9 (RLIN) 2852
Personal name Fierro, Pancho
Dates associated with a name 1807-1879
650 10 - SUBJECT ADDED ENTRY--TOPICAL TERM
9 (RLIN) 2850
Topical term or geographic name entry element Acuarelas peruanas
650 20 - SUBJECT ADDED ENTRY--TOPICAL TERM
9 (RLIN) 2851
Topical term or geographic name entry element Pintura peruana
650 20 - SUBJECT ADDED ENTRY--TOPICAL TERM
9 (RLIN) 682
Topical term or geographic name entry element Pintores
651 10 - SUBJECT ADDED ENTRY--GEOGRAPHIC NAME
9 (RLIN) 661
Geographic name Perú
700 1# - ADDED ENTRY--PERSONAL NAME
9 (RLIN) 2853
Personal name Stastry Mosberg, Francisco
700 1# - ADDED ENTRY--PERSONAL NAME
9 (RLIN) 2854
Personal name Yoshii, Yutaka
910 ## - USER-OPTION DATA (OCLC)
User-option data hfp
-- hfp
-- hfp
942 ## - ADDED ENTRY ELEMENTS (KOHA)
Source of classification or shelving scheme Dewey Decimal Classification
Koha item type Libros
Existencias
Fecha de la última vez que lo usaron Pago total Signatura topográfica completa Código de barras Precio efectivo desde Tipo de documento Estado perdido Sistema de clasificación Estado dañado No es para préstamo Retirado Ubicación permanente Ubicación actual Fecha de adquisición Fuente de adquisición
21/01/2025   759.985/M9 BibLima25010035 21/01/2025 Libros   Dewey Decimal Classification       Biblioteca Central Lima Biblioteca Central Lima 18/11/2024 Comprado de la librería Megabook